[Event "XI Torneo Internazionale"]
[Site "Venezia ITA"]
[Date "1974.11.??"]
[Round "1"]
[White "Andersson, Ulf"]
[Black "Smyslov, Vassily V."]
[WhiteElo "2580"]
[BlackElo "2600"]
[Result "1/2-1/2"]
[PlyCount "38"]
[EventDate "1974.11.09"]

1. c4 e6 2. Nf3 Nf6 3. g3 d5 4. Bg2 Nbd7 5. b3 b6 6. Bb2 Bb7 7. O-O g6 8. cxd5
exd5 9. Nc3 Bg7 10. b4 O-O 11. b5 a6 12. a4 Ne4 13. Qc2 Nd6 14. e3 axb5 15.
axb5 Qe7 16. d4 Nc4 17. Nd2 Nxd2 18. Qxd2 Nf6 19. Qc2 Rfd8 1/2-1/2

[Event "XI Torneo Internazionale"]
[Site "Venezia ITA"]
[Date "1974.11.??"]
[Round "1"]
[White "Bilek, Istvan"]
[Black "Benko, Pal C."]
[WhiteElo "2475"]
[BlackElo "2510"]
[Result "1/2-1/2"]
[PlyCount "31"]
[EventDate "1974.11.09"]

1. c4 e6 2. d4 Nf6 3. Nf3 b6 4. g3 Bb7 5. Bg2 Be7 6. O-O O-O 7. Nc3 Ne4 8. Nxe4
Bxe4 9. Ne1 Bxg2 10. Nxg2 d5 11. Qa4 c5 12. dxc5 Bxc5 13. cxd5 Qxd5 14. Be3
Bxe3 15. Nxe3 Qc6 16. Qxc6 1/2-1/2

[Event "XI Torneo Internazionale"]
[Site "Venezia ITA"]
[Date "1974.11.??"]
[Round "1"]
[White "Liberzon, Vladimir M."]
[Black "Ostojic, Predrag"]
[WhiteElo "2515"]
[BlackElo "2485"]
[Result "1/2-1/2"]
[PlyCount "94"]
[EventDate "1974.11.09"]

1. e4 c5 2. Nf3 e6 3. d4 cxd4 4. Nxd4 Nf6 5. Nc3 d6 6. Be2 a6 7. O-O Be7 8. Be3
Qc7 9. f4 Nc6 10. Qe1 Bd7 11. Qg3 g6 12. e5 Nd5 13. Nxd5 exd5 14. exd6 Qxd6 15.
Rad1 O-O 16. Nb3 Qc7 17. c3 Be6 18. Qf2 d4 19. Nxd4 Bxa2 20. f5 Nxd4 21. Bxd4
Rae8 22. f6 Bd6 23. Qh4 Kh8 24. Rd3 Be6 25. g4 Bxh2+ 26. Qxh2 Qxh2+ 27. Kxh2
Bc4 28. Rf2 Rxe2 29. Rxe2 Bxd3 30. Re7 h5 31. Rxb7 hxg4 32. Kg3 Kg8 33. Kxg4 a5
34. Kg5 a4 35. Kh6 Rc8 36. Rb4 Bc2 37. c4 Bb3 38. c5 Kf8 39. Rb7 Ke8 40. Kg7 g5
41. Re7+ Kd8 42. Re5 g4 43. Re4 Kd7 44. Rxg4 Kc6 45. Bg1 Rc7 46. Bh2 Rb7 47.
Bd6 Bc2 1/2-1/2

[Event "XI Torneo Internazionale"]
[Site "Venezia ITA"]
[Date "1974.11.??"]
[Round "1"]
[White "Mariotti, Sergio"]
[Black "Suttles, Duncan"]
[WhiteElo "2465"]
[BlackElo "2445"]
[Result "0-1"]
[PlyCount "86"]
[EventDate "1974.11.09"]

1. d4 g6 2. c4 d6 3. Nc3 Nd7 4. Nf3 e5 5. Bg5 f6 6. Bd2 c6 7. b4 Qe7 8. e3 f5
9. b5 Bg7 10. bxc6 bxc6 11. d5 c5 12. Nb5 Nb6 13. Rb1 Nf6 14. Ba5 O-O 15. Be2
Ne8 16. Nd2 Nd7 17. Qa4 e4 18. Qc2 Ne5 19. Nc3 Nf6 20. O-O h5 21. f3 exf3 22.
gxf3 Bh6 23. f4 Neg4 24. Bxg4 Qxe3+ 25. Kh1 hxg4 26. Nb5 Rf7 27. Nxd6 Rh7 28.
Rbe1 Qh3 29. Nb3 Bf8 30. Nxc8 Ne4 31. Kg1 g3 32. Re2 Rxc8 33. Be1 Nf2 34. Rexf2
gxf2+ 35. Qxf2 Re8 36. Qg3 Re4 37. Na5 Re2 38. Bf2 Rxa2 39. Nb3 Rb2 40. Na5 Rc2
41. Rb1 Bd6 42. Qxh3 Rxh3 43. Bg3 g5 0-1

[Event "XI Torneo Internazionale"]
[Site "Venezia ITA"]
[Date "1974.11.??"]
[Round "1"]
[White "Tarjan, James Edward"]
[Black "Micheli, Carlo"]
[WhiteElo "2475"]
[BlackElo "2320"]
[Result "1-0"]
[PlyCount "57"]
[EventDate "1974.11.09"]

1. e4 c5 2. Nf3 d6 3. d4 cxd4 4. Nxd4 Nf6 5. Nc3 a6 6. Be2 e5 7. Nb3 Be7 8. O-O
Be6 9. f4 Qc7 10. a4 O-O 11. Kh1 Nbd7 12. Be3 b6 13. f5 Bc4 14. Nd2 Bxe2 15.
Qxe2 Qb7 16. g4 d5 17. exd5 Bb4 18. Nde4 Nxe4 19. Nxe4 Qxd5 20. Qg2 Kh8 21.
Rad1 Qc6 22. f6 Rac8 23. c3 Bc5 24. Bg5 Rg8 25. fxg7+ Kxg7 26. Qf3 Qe6 27. b4
Bf8 28. Rxd7 Qxd7 29. Qf6# 1-0

[Event "XI Torneo Internazionale"]
[Site "Venezia ITA"]
[Date "1974.11.??"]
[Round "2"]
[White "Micheli, Carlo"]
[Black "Ostojic, Predrag"]
[WhiteElo "2320"]
[BlackElo "2485"]
[Result "0-1"]
[PlyCount "73"]
[EventDate "1974.11.09"]

1. e4 c5 2. Nf3 d6 3. d4 cxd4 4. Nxd4 Nf6 5. Nc3 a6 6. Bg5 e6 7. f4 Qb6 8. Qd2
Qxb2 9. Nb3 Qa3 10. Bxf6 gxf6 11. Be2 Nc6 12. O-O Bd7 13. Nb1 Qa4 14. c4 Qb4
15. Qe3 Na5 16. N1d2 Nxb3 17. Nxb3 Be7 18. Rf3 h5 19. Kh1 h4 20. Rb1 Bc6 21. a3
Qa4 22. Nd4 Bd8 23. Bd1 Qa5 24. f5 e5 25. Nxc6 bxc6 26. Rb7 Bc7 27. Qc3 Qxc3
28. Rxc3 Kd7 29. c5 Rhb8 30. Rbb3 d5 31. Rd3 d4 32. g3 Rb5 33. gxh4 Rxc5 34.
Rh3 Rc1 35. Rbd3 c5 36. Kg2 c4 37. Ba4+ 0-1

[Event "XI Torneo Internazionale"]
[Site "Venezia ITA"]
[Date "1974.11.??"]
[Round "2"]
[White "Savon, Vladimir A."]
[Black "Andersson, Ulf"]
[WhiteElo "2575"]
[BlackElo "2580"]
[Result "1/2-1/2"]
[PlyCount "64"]
[EventDate "1974.11.09"]

1. e4 c5 2. Nf3 e6 3. d4 cxd4 4. Nxd4 Nf6 5. Nc3 d6 6. g4 h6 7. g5 hxg5 8. Bxg5
Nc6 9. Qd2 Qb6 10. Nb3 a6 11. O-O-O Bd7 12. h4 Be7 13. Be2 Qc7 14. f4 O-O-O 15.
h5 Kb8 16. Kb1 Bc8 17. Bf3 Nh7 18. Bxe7 Nxe7 19. Rdg1 Rdg8 20. Rd1 Rd8 21. Rhg1
g6 22. hxg6 Nxg6 23. Bh5 Nhf8 24. Rh1 b6 25. e5 Bb7 26. Rh3 Nd7 27. exd6 Qc4
28. Ne2 Nf6 29. Rc3 Ne4 30. Rxc4 Nxd2+ 31. Rxd2 Rxh5 32. a4 Bd5 1/2-1/2

[Event "XI Torneo Internazionale"]
[Site "Venezia ITA"]
[Date "1974.11.??"]
[Round "2"]
[White "Suttles, Duncan"]
[Black "Cosulich, Roberto"]
[WhiteElo "2445"]
[BlackElo "2430"]
[Result "1-0"]
[PlyCount "45"]
[EventDate "1974.11.09"]

1. c4 e5 2. Nc3 Nf6 3. d3 Bb4 4. e4 Bxc3+ 5. bxc3 O-O 6. g4 d6 7. h3 c6 8. Bg2
Qa5 9. Ne2 d5 10. cxd5 cxd5 11. g5 Nfd7 12. exd5 Nb6 13. Bd2 Bf5 14. c4 Qa3 15.
Qb3 Qxb3 16. axb3 Bxd3 17. Be3 Na6 18. d6 e4 19. Nc1 Nb4 20. Nxd3 exd3 21. Bxb7
Nc2+ 22. Kd2 Nxa1 23. Rxa1 1-0

[Event "XI Torneo Internazionale"]
[Site "Venezia ITA"]
[Date "1974.11.??"]
[Round "3"]
[White "Andersson, Ulf"]
[Black "Tarjan, James Edward"]
[WhiteElo "2580"]
[BlackElo "2475"]
[Result "1/2-1/2"]
[PlyCount "68"]
[EventDate "1974.11.09"]

1. Nf3 Nf6 2. c4 g6 3. g3 Bg7 4. Bg2 O-O 5. O-O d5 6. cxd5 Nxd5 7. Nc3 Nc6 8.
Nxd5 Qxd5 9. d3 Qb5 10. Rb1 Be6 11. b3 Bd5 12. Bb2 Bxb2 13. Rxb2 Qb6 14. Qd2
Nd4 15. Nxd4 Bxg2 16. Kxg2 Qxd4 17. Rc1 c6 18. Rc4 Qd5+ 19. f3 Rfd8 20. Qe3 Rd7
21. Re4 Qd6 22. Rc2 a6 23. h4 Rad8 24. h5 Qf6 25. hxg6 hxg6 26. Rc1 e6 27. Rh1
Rd4 28. Rhh4 Rxe4 29. Rxe4 Rd5 30. Qa7 Qe7 31. Qb8+ Rd8 32. Qf4 Rd5 33. Qb8+
Rd8 34. Qe5 Rd5 1/2-1/2

[Event "XI Torneo Internazionale"]
[Site "Venezia ITA"]
[Date "1974.11.??"]
[Round "3"]
[White "Bilek, Istvan"]
[Black "Suttles, Duncan"]
[WhiteElo "2475"]
[BlackElo "2445"]
[Result "0-1"]
[PlyCount "80"]
[EventDate "1974.11.09"]

1. c4 g6 2. g3 Bg7 3. Bg2 d6 4. Nc3 Nc6 5. d3 Nh6 6. e3 Bd7 7. Nge2 Qc8 8. h3
a6 9. b3 b5 10. Rb1 Rb8 11. Bb2 f6 12. Qd2 Nf7 13. Rc1 bxc4 14. dxc4 Nb4 15. f4
c5 16. Rd1 h5 17. Nd5 Nxd5 18. Qxd5 a5 19. Qd3 Rh7 20. Bc3 a4 21. Qc2 Kf8 22.
Rb1 axb3 23. axb3 f5 24. Bxg7+ Kxg7 25. Kf2 h4 26. gxh4 Rxh4 27. Ng1 Bc6 28.
Rh2 e5 29. Kg3 g5 30. fxg5 Re4 31. Kf2 Qh8 32. Nf3 Nxg5 33. Nxg5 Qh4+ 34. Kg1
Qxg5 35. Kh1 Qxe3 36. Rg1 Kf6 37. Qb1 Qd4 38. Qc1 Rxb3 39. Qh6+ Ke7 40. Qg7+
Kd8 0-1

[Event "XI Torneo Internazionale"]
[Site "Venezia ITA"]
[Date "1974.11.??"]
[Round "3"]
[White "Cosulich, Roberto"]
[Black "Smyslov, Vassily V."]
[WhiteElo "2430"]
[BlackElo "2600"]
[Result "1/2-1/2"]
[PlyCount "37"]
[EventDate "1974.11.09"]

1. e4 c6 2. d3 d5 3. Nd2 e5 4. Ngf3 Bd6 5. g3 Ne7 6. Bg2 d4 7. O-O Bc7 8. a4
O-O 9. Nc4 Nd7 10. c3 c5 11. cxd4 cxd4 12. b4 a6 13. a5 Nc6 14. Bd2 Rb8 15. Qc2
b5 16. axb6 Nxb6 17. Na5 Nxa5 18. bxa5 Na8 19. Rfb1 1/2-1/2

[Event "XI Torneo Internazionale"]
[Site "Venezia ITA"]
[Date "1974.11.??"]
[Round "3"]
[White "Ostojic, Predrag"]
[Black "Benko, Pal C."]
[WhiteElo "2485"]
[BlackElo "2510"]
[Result "1/2-1/2"]
[PlyCount "87"]
[EventDate "1974.11.09"]

1. e4 g6 2. d4 d6 3. Nf3 Bg7 4. Nc3 c6 5. a4 Nf6 6. h3 O-O 7. Be3 Na6 8. Qd2
Qa5 9. Ra3 e5 10. Be2 exd4 11. Nxd4 Nc5 12. Nb3 Nxb3 13. Rxb3 Re8 14. O-O Qc7
15. Bf3 Be6 16. Ra3 Rad8 17. Bd4 a5 18. Rd1 Nd7 19. Bxg7 Kxg7 20. Ne2 Nc5 21.
Re3 f6 22. b3 Bf7 23. h4 h5 24. Ng3 b6 25. Ne2 Rd7 26. g3 Re5 27. Bg2 d5 28. f4
dxe4 29. fxe5 Rxd2 30. exf6+ Kxf6 31. Rxd2 Qe5 32. Nc3 Bd5 33. Kh1 g5 34. hxg5+
Qxg5 35. Rde2 Qf5 36. Nd1 Ke5 37. Nf2 b5 38. Nd3+ Kd6 39. Nxc5 Kxc5 40. Kh2 h4
41. Bxe4 hxg3+ 42. Kxg3 Qg5+ 43. Kf2 Qh4+ 44. Kg2 1/2-1/2

[Event "XI Torneo Internazionale"]
[Site "Venezia ITA"]
[Date "1974.11.??"]
[Round "4"]
[White "Savon, Vladimir A."]
[Black "Cosulich, Roberto"]
[WhiteElo "2575"]
[BlackElo "2430"]
[Result "1-0"]
[PlyCount "67"]
[EventDate "1974.11.09"]

1. c4 e5 2. Nc3 Nf6 3. Nf3 Nc6 4. g3 Bb4 5. Bg2 O-O 6. O-O e4 7. Ne1 Bxc3 8.
dxc3 h6 9. Nc2 d6 10. Ne3 Re8 11. Qc2 Re5 12. Bd2 Ne7 13. f4 exf3 14. exf3 Nf5
15. Rae1 Nxe3 16. Bxe3 Bf5 17. Qd2 Qd7 18. g4 Be6 19. b3 Ra5 20. Rd1 d5 21. c5
b6 22. h3 bxc5 23. c4 Ra6 24. f4 Qe7 25. f5 Bd7 26. cxd5 Qd6 27. Rc1 Re8 28.
Bxc5 Qg3 29. Rf3 Qh4 30. Re3 Rxe3 31. Bxe3 Nxg4 32. hxg4 Qxg4 33. Rxc7 Bxf5 34.
d6 1-0

[Event "XI Torneo Internazionale"]
[Site "Venezia ITA"]
[Date "1974.11.??"]
[Round "4"]
[White "Smyslov, Vassily V."]
[Black "Bilek, Istvan"]
[WhiteElo "2600"]
[BlackElo "2475"]
[Result "1-0"]
[PlyCount "59"]
[EventDate "1974.11.09"]

1. Nf3 g6 2. d4 Bg7 3. e4 d6 4. Be2 Nf6 5. Nc3 O-O 6. O-O c6 7. e5 dxe5 8. Nxe5
Be6 9. Bf4 Nbd7 10. Qd2 Nxe5 11. Bxe5 Qa5 12. Qe3 Rfd8 13. a3 Rd7 14. b4 Qd8
15. Na4 b6 16. c4 Ng4 17. Bxg4 Bxg4 18. Bxg7 Kxg7 19. d5 Kg8 20. dxc6 Rd3 21.
Qg5 Be6 22. Nb2 Rb3 23. Rfd1 Qc7 24. Qc1 Qe5 25. Nd3 Qe4 26. Nf4 Bg4 27. Re1
Qxc6 28. Nd5 Kg7 29. Qc2 Qa4 30. Re3 1-0

[Event "XI Torneo Internazionale"]
[Site "Venezia ITA"]
[Date "1974.11.??"]
[Round "4"]
[White "Tarjan, James Edward"]
[Black "Mariotti, Sergio"]
[WhiteElo "2475"]
[BlackElo "2465"]
[Result "1-0"]
[PlyCount "51"]
[EventDate "1974.11.09"]

1. e4 Nc6 2. Nf3 e5 3. Bb5 Bc5 4. O-O Qf6 5. d3 h6 6. Be3 Bb6 7. c4 Nd4 8. Nxd4
exd4 9. Bd2 c6 10. Ba4 Qh4 11. f4 Nf6 12. Be1 Qh5 13. e5 Qxd1 14. Bxd1 Nh7 15.
Nd2 d6 16. exd6 Bf5 17. g4 Bxd3 18. Rf3 Be2 19. Bxe2 d3+ 20. Bf2 dxe2 21. c5
Bd8 22. Re3+ Kd7 23. Nc4 Bf6 24. Re1 Rae8 25. R1xe2 Rxe3 26. Rxe3 1-0

[Event "XI Torneo Internazionale"]
[Site "Venezia ITA"]
[Date "1974.11.??"]
[Round "4"]
[White "Timman, Jan Hendrik"]
[Black "Andersson, Ulf"]
[WhiteElo "2540"]
[BlackElo "2580"]
[Result "1/2-1/2"]
[PlyCount "24"]
[EventDate "1974.11.09"]

1. e4 e6 2. d4 d5 3. Nd2 c5 4. exd5 exd5 5. Ngf3 Nc6 6. Bb5 Bd6 7. O-O Nge7 8.
dxc5 Bxc5 9. Nb3 Bd6 10. c3 O-O 11. Nbd4 Bg4 12. Qa4 Qd7 1/2-1/2

[Event "XI Torneo Internazionale"]
[Site "Venezia ITA"]
[Date "1974.11.??"]
[Round "5"]
[White "Andersson, Ulf"]
[Black "Micheli, Carlo"]
[WhiteElo "2580"]
[BlackElo "2320"]
[Result "1-0"]
[PlyCount "79"]
[EventDate "1974.11.09"]

1. Nf3 Nf6 2. c4 g6 3. b3 Bg7 4. Bb2 O-O 5. g3 d6 6. Bg2 e5 7. O-O a5 8. Nc3
Nc6 9. d3 Nh5 10. a3 f5 11. Qc2 Be6 12. Nd5 Kh8 13. Bc3 Qd7 14. Qb2 Bg8 15. b4
b6 16. Nd2 Rab8 17. e3 axb4 18. axb4 b5 19. Ra6 bxc4 20. Nxc4 e4 21. dxe4 Nxb4
22. Bxg7+ Nxg7 23. Ndb6 Nxa6 24. Nxd7 Rxb2 25. Nxb2 Rf7 26. Ra1 Nb4 27. Ra4 c5
28. Nb6 Rb7 29. N6c4 Rd7 30. Ra8 fxe4 31. Bxe4 d5 32. Ne5 Re7 33. Bxg6 Rxe5 34.
Bf7 Ne8 35. Rxe8 Rxe8 36. Bxe8 c4 37. Na4 Nc2 38. Nc3 Nb4 39. Kf1 Kg7 40. Ke2
1-0

[Event "XI Torneo Internazionale"]
[Site "Venezia ITA"]
[Date "1974.11.??"]
[Round "5"]
[White "Bilek, Istvan"]
[Black "Savon, Vladimir A."]
[WhiteElo "2475"]
[BlackElo "2575"]
[Result "1/2-1/2"]
[PlyCount "23"]
[EventDate "1974.11.09"]

1. c4 Nf6 2. g3 c6 3. Nf3 d5 4. b3 Bg4 5. Bg2 e6 6. Bb2 Bd6 7. O-O O-O 8. d4
Nbd7 9. Nbd2 Qe7 10. Ne5 Bf5 11. a3 Rad8 12. h3 1/2-1/2

[Event "XI Torneo Internazionale"]
[Site "Venezia ITA"]
[Date "1974.11.??"]
[Round "5"]
[White "Cosulich, Roberto"]
[Black "Tarjan, James Edward"]
[WhiteElo "2430"]
[BlackElo "2475"]
[Result "0-1"]
[PlyCount "50"]
[EventDate "1974.11.09"]

1. e4 c5 2. Nf3 Nc6 3. Bb5 e6 4. Bxc6 bxc6 5. O-O Ne7 6. d4 cxd4 7. Nxd4 Ng6 8.
c4 Be7 9. Nc3 O-O 10. Be3 c5 11. Nb3 d6 12. f4 Bb7 13. Qc2 Qc7 14. Rad1 a6 15.
Nc1 f5 16. exf5 Rxf5 17. Nd5 Qd8 18. Ne2 Bh4 19. b4 Qd7 20. Ndc3 Qc6 21. Ng3
Bxg3 22. hxg3 cxb4 23. Na4 Ra5 24. Nb6 Ra3 25. Bf2 Qxg2# 0-1

[Event "XI Torneo Internazionale"]
[Site "Venezia ITA"]
[Date "1974.11.??"]
[Round "5"]
[White "Liberzon, Vladimir M."]
[Black "Smyslov, Vassily V."]
[WhiteElo "2515"]
[BlackElo "2600"]
[Result "1/2-1/2"]
[PlyCount "30"]
[EventDate "1974.11.09"]

1. e4 e5 2. Nf3 Nf6 3. Nxe5 d6 4. Nf3 Nxe4 5. d4 Be7 6. Bd3 Nf6 7. O-O O-O 8.
h3 Nc6 9. c3 Re8 10. Re1 Bd7 11. Nbd2 Bf8 12. Ne4 Nxe4 13. Bxe4 h6 14. Bd2 Qf6
15. Qc2 Rab8 1/2-1/2

[Event "XI Torneo Internazionale"]
[Site "Venezia ITA"]
[Date "1974.11.??"]
[Round "5"]
[White "Ostojic, Predrag"]
[Black "Suttles, Duncan"]
[WhiteElo "2485"]
[BlackElo "2445"]
[Result "1/2-1/2"]
[PlyCount "178"]
[EventDate "1974.11.09"]

1. e4 g6 2. d4 d6 3. Nf3 Bg7 4. Bc4 Nf6 5. Qe2 O-O 6. O-O Bg4 7. e5 Ne8 8. c3
Nc6 9. Bd5 dxe5 10. Bxc6 bxc6 11. dxe5 Bxf3 12. Qxf3 Bxe5 13. Rd1 Qc8 14. Qxc6
Nf6 15. Nd2 Qf5 16. Nf3 Rab8 17. Qc4 Bd6 18. Qe2 e5 19. g3 a5 20. Nd2 e4 21.
Nc4 Bc5 22. Be3 a4 23. Bxc5 Qxc5 24. Rd4 Rfd8 25. Rad1 Rxd4 26. Rxd4 Kg7 27. a3
Qb5 28. Rd2 h5 29. h4 Re8 30. Nd6 Qe5 31. Nxe8+ Qxe8 32. Qe3 Qe6 33. Qd4 Kh7
34. Re2 Qc6 35. Qe5 Qc4 36. Re1 Kg7 37. Qd4 Qc6 38. Re3 Qb7 39. c4 Qc6 40. b4
axb3 41. Rxb3 Qa4 42. Re3 Qc6 43. c5 Kh6 44. a4 g5 45. hxg5+ Kxg5 46. Qc4 Qd7
47. Rxe4 Nxe4 48. Qxe4 f6 49. c6 Qd1+ 50. Kg2 Qa1 51. Qd5+ Kg6 52. Qe4+ Kg7 53.
Qf4 Kg6 54. Kh2 Qe1 55. Qe3 Qb4 56. Qd3+ Kg7 57. Qd7+ Kg6 58. Qxc7 Qxa4 59. Qb6
h4 60. c7 Qc4 61. g4 Kg7 62. Kh3 Qc1 63. Kxh4 Qf4 64. Kh3 Qf3+ 65. Kh4 Qf4 66.
Qe3 Qh2+ 67. Qh3 Qxc7 68. Qf3 Qc1 69. Qe3 Qh1+ 70. Kg3 Qg1+ 71. Kf4 Qh2+ 72.
Kf5 Qh7+ 73. Ke6 Qg8+ 74. Kf5 Qd5+ 75. Kf4 Qd6+ 76. Kf3 Qd1+ 77. Kg3 Qg1+ 78.
Kf4 Kg6 79. Qe4+ Kg7 80. Qd4 Kg6 81. Kf3 Qh1+ 82. Ke2 Qg2 83. Qd3+ Kg7 84. Qd7+
Kg6 85. Ke3 Qg1 86. Qe8+ Kg7 87. Qc8 Qe1+ 88. Kf3 Qh1+ 89. Kf4 Qh2+ 1/2-1/2

[Event "XI Torneo Internazionale"]
[Site "Venezia ITA"]
[Date "1974.11.??"]
[Round "6"]
[White "Andersson, Ulf"]
[Black "Mariotti, Sergio"]
[WhiteElo "2580"]
[BlackElo "2465"]
[Result "1-0"]
[PlyCount "85"]
[EventDate "1974.11.09"]

1. Nf3 e6 2. g3 f5 3. Bg2 Nf6 4. d4 Be7 5. O-O O-O 6. c4 d5 7. b3 c6 8. Ba3
Nbd7 9. Bxe7 Qxe7 10. Nbd2 b6 11. Qc2 Ba6 12. Qb2 b5 13. cxd5 cxd5 14. b4 Rfc8
15. Rfc1 Nb6 16. a3 Na4 17. Qb3 Rc7 18. Rxc7 Qxc7 19. Qe3 Bc8 20. Nb3 Nb6 21.
Ne5 Nc4 22. Qc3 Nd7 23. Nd3 Ndb6 24. Ndc5 Qd6 25. a4 bxa4 26. Nxa4 Nxa4 27.
Rxa4 Qb6 28. e3 Bd7 29. Ra1 Bb5 30. Nc5 h6 31. h3 a6 32. Kh2 Re8 33. Bf1 Qd6
34. Bg2 Rf8 35. f4 Qb6 36. Bf3 Re8 37. g4 Rf8 38. Rg1 fxg4 39. Bxg4 Rf6 40. Qe1
Be8 41. Qg3 g6 42. Rg2 Kg7 43. h4 1-0

[Event "XI Torneo Internazionale"]
[Site "Venezia ITA"]
[Date "1974.11.??"]
[Round "6"]
[White "Smyslov, Vassily V."]
[Black "Ostojic, Predrag"]
[WhiteElo "2600"]
[BlackElo "2485"]
[Result "1/2-1/2"]
[PlyCount "54"]
[EventDate "1974.11.09"]

1. Nf3 c5 2. c4 g6 3. d4 Bg7 4. e4 Qa5+ 5. Nc3 Nf6 6. Bd2 cxd4 7. Nxd4 O-O 8.
Nb3 Qc7 9. Rc1 d6 10. Be2 b6 11. O-O Bb7 12. f3 Nc6 13. Nd5 Qd7 14. Bc3 Ne8 15.
Bxg7 Kxg7 16. Qd2 e6 17. Nc3 Qe7 18. f4 f5 19. exf5 gxf5 20. Bf3 Kh8 21. Rfe1
Ng7 22. Rcd1 Rad8 23. Nb5 e5 24. Bxc6 Bxc6 25. Nxd6 Ne6 26. Rxe5 Rd7 27. Qe2
Be4 1/2-1/2

[Event "XI Torneo Internazionale"]
[Site "Venezia ITA"]
[Date "1974.11.??"]
[Round "6"]
[White "Tarjan, James Edward"]
[Black "Bilek, Istvan"]
[WhiteElo "2475"]
[BlackElo "2475"]
[Result "1-0"]
[PlyCount "81"]
[EventDate "1974.11.09"]

1. e4 c5 2. Nf3 g6 3. c3 Bg7 4. d4 cxd4 5. cxd4 d5 6. e5 Nc6 7. h3 f6 8. Bb5
Bd7 9. Qe2 fxe5 10. Bxc6 Bxc6 11. Nxe5 Nh6 12. Bxh6 Bxh6 13. Nc3 Qb6 14. O-O
O-O 15. Rad1 Bg7 16. f4 e6 17. Rd2 Rf5 18. g4 Bxe5 19. fxe5 Rxf1+ 20. Kxf1 Rf8+
21. Kg2 Qd8 22. Qe3 g5 23. Rf2 Rxf2+ 24. Qxf2 Be8 25. Kg3 Kg7 26. Qf1 Qe7 27.
Qf2 h6 28. Nb1 Bg6 29. Nd2 Qf8 30. Qxf8+ Kxf8 31. h4 Kg7 32. Nf3 gxh4+ 33. Kxh4
Be4 34. Ng1 Bb1 35. a3 Bg6 36. Ne2 Kf8 37. Nf4 Kf7 38. b4 b5 39. Kg3 Bc2 40.
Nh5 Kg6 41. Kh4 1-0

[Event "XI Torneo Internazionale"]
[Site "Venezia ITA"]
[Date "1974.11.??"]
[Round "7"]
[White "Benko, Pal C."]
[Black "Smyslov, Vassily V."]
[WhiteElo "2510"]
[BlackElo "2600"]
[Result "1/2-1/2"]
[PlyCount "34"]
[EventDate "1974.11.09"]

1. d4 Nf6 2. c4 e6 3. Nf3 b6 4. g3 Bb7 5. Bg2 Be7 6. O-O O-O 7. Nc3 Ne4 8. Nxe4
Bxe4 9. Ne1 d5 10. cxd5 Bxg2 11. Kxg2 Qxd5+ 12. Nf3 Qb7 13. Be3 Rd8 14. Qc2 Na6
15. Rfd1 Nb4 16. Qa4 Rac8 17. Rac1 c6 1/2-1/2

[Event "XI Torneo Internazionale"]
[Site "Venezia ITA"]
[Date "1974.11.??"]
[Round "7"]
[White "Bilek, Istvan"]
[Black "Timman, Jan Hendrik"]
[WhiteElo "2475"]
[BlackElo "2540"]
[Result "1-0"]
[PlyCount "63"]
[EventDate "1974.11.09"]

1. c4 Nf6 2. g3 e5 3. d3 Bb4+ 4. Nc3 O-O 5. Bg2 Re8 6. e4 c6 7. Nge2 d5 8. exd5
cxd5 9. O-O d4 10. Nd5 Nxd5 11. Bxd5 Nd7 12. Bg2 a5 13. f4 Nf6 14. fxe5 Rxe5
15. h3 Qe7 16. Nf4 g5 17. a3 Bd6 18. Nh5 Nxh5 19. Qxh5 f6 20. Bd2 Ra6 21. Rae1
Rb6 22. b4 axb4 23. axb4 Ra6 24. c5 Bc7 25. Rxe5 Bxe5 26. b5 Ra2 27. Bd5+ Be6
28. Bxa2 Bxa2 29. Bxg5 Bf7 30. Qe2 Be6 31. Bf4 Bxh3 32. Re1 1-0

[Event "XI Torneo Internazionale"]
[Site "Venezia ITA"]
[Date "1974.11.??"]
[Round "7"]
[White "Cosulich, Roberto"]
[Black "Andersson, Ulf"]
[WhiteElo "2430"]
[BlackElo "2580"]
[Result "1/2-1/2"]
[PlyCount "32"]
[EventDate "1974.11.09"]

1. e4 c5 2. Nc3 e6 3. f4 Nc6 4. Nf3 a6 5. g3 d5 6. d3 Nf6 7. e5 Nd7 8. Bg2 Be7
9. O-O b5 10. Bd2 Bb7 11. f5 b4 12. fxe6 fxe6 13. Ne2 Ndxe5 14. Nxe5 Nxe5 15.
Nf4 O-O 16. Qe2 Bd6 1/2-1/2

[Event "XI Torneo Internazionale"]
[Site "Venezia ITA"]
[Date "1974.11.??"]
[Round "7"]
[White "Liberzon, Vladimir M."]
[Black "Tarjan, James Edward"]
[WhiteElo "2515"]
[BlackElo "2475"]
[Result "1/2-1/2"]
[PlyCount "142"]
[EventDate "1974.11.09"]

1. e4 c5 2. Nf3 d6 3. d4 cxd4 4. Nxd4 Nf6 5. Nc3 Nc6 6. Bg5 e6 7. Qd2 a6 8.
O-O-O Bd7 9. f4 b5 10. Nxc6 Bxc6 11. Bd3 Be7 12. e5 dxe5 13. fxe5 Nd5 14. Ne4
O-O 15. Rhf1 f6 16. exf6 Nxf6 17. Nxf6+ Bxf6 18. Bxf6 Rxf6 19. Qe3 Bd5 20. g3
b4 21. Rxf6 Qxf6 22. Be4 Rd8 23. Bxd5 exd5 24. Qd4 Qh6+ 25. Rd2 Qd6 26. b3 h6
27. Kb2 Kh8 28. g4 a5 29. h3 Qe7 30. Rf2 Rf8 31. Rxf8+ Qxf8 32. h4 Qd8 33. h5
Qd6 34. a3 Kg8 35. axb4 axb4 36. Kb1 Kf7 37. c3 bxc3 38. Kc2 g6 39. Kxc3 gxh5
40. gxh5 Qc6+ 41. Kd2 Qd6 42. Qg4 Ke7 43. Qg7+ Kd8 44. Qg8+ Ke7 45. Qh7+ Kd8
46. Qh8+ Ke7 47. Qg7+ Kd8 48. Qg4 Kc7 49. Kd3 Qa6+ 50. Kd4 Qb6+ 51. Kxd5 Qxb3+
52. Ke5 Qe3+ 53. Kf6 Kd8 54. Qd1+ Ke8 55. Qa4+ Kd8 56. Qa5+ Kd7 57. Qd5+ Ke8
58. Qc6+ Kd8 59. Qd5+ Ke8 60. Qc6+ Kd8 61. Kg7 Ke7 62. Qf6+ Ke8 63. Kg6 Kd7 64.
Qg7+ Ke8 65. Kh7 Qf4 66. Qg6+ Kf8 67. Qg8+ Ke7 68. Qg7+ Ke8 69. Kg8 Qc4+ 70.
Kh8 Qf4 71. Kh7 Qe3 1/2-1/2

[Event "XI Torneo Internazionale"]
[Site "Venezia ITA"]
[Date "1974.11.??"]
[Round "7"]
[White "Mariotti, Sergio"]
[Black "Micheli, Carlo"]
[WhiteElo "2465"]
[BlackElo "2320"]
[Result "1-0"]
[PlyCount "57"]
[EventDate "1974.11.09"]

1. e4 g6 2. d4 d6 3. Nc3 Nf6 4. f3 c6 5. Be3 Nbd7 6. Qd2 b5 7. a4 b4 8. Nd1 a5
9. b3 Qc7 10. Nb2 c5 11. dxc5 Nxc5 12. Bb5+ Nfd7 13. Bd4 f6 14. Ne2 Bg7 15.
Bxc5 Qxc5 16. Nd4 f5 17. Ne6 Qc3 18. Nxg7+ Qxg7 19. O-O-O Ra7 20. exf5 gxf5 21.
Qd5 Rc7 22. Rhe1 Kd8 23. Bxd7 Rc5 24. Qa8 Kxd7 25. Qa7+ Ke8 26. Kb1 Qf6 27. Nd3
Rc3 28. Qxa5 Kf7 29. Qxb4 1-0

[Event "XI Torneo Internazionale"]
[Site "Venezia ITA"]
[Date "1974.11.??"]
[Round "7"]
[White "Ostojic, Predrag"]
[Black "Savon, Vladimir A."]
[WhiteElo "2485"]
[BlackElo "2575"]
[Result "0-1"]
[PlyCount "88"]
[EventDate "1974.11.09"]

1. e4 c5 2. Nf3 e6 3. d4 cxd4 4. Nxd4 Nf6 5. Bd3 Nc6 6. Nxc6 bxc6 7. c4 d6 8.
O-O Be7 9. Qe2 O-O 10. b3 Nd7 11. Bb2 Bf6 12. Nc3 Bd4 13. Kh1 e5 14. Na4 c5 15.
f4 Bxb2 16. Qxb2 exf4 17. Rxf4 Ne5 18. Qd2 Be6 19. Nc3 Qe7 20. h3 Rfd8 21. Raf1
Rd7 22. Bc2 Qd8 23. Nd1 f6 24. Ne3 g6 25. Bd1 h5 26. Be2 Kg7 27. a3 a5 28. b4
axb4 29. axb4 cxb4 30. Qxb4 Qc7 31. Nd5 Bxd5 32. cxd5 Rf7 33. h4 Rff8 34. Qb3
Qc5 35. Qh3 Qc2 36. Bd1 Qd3 37. Qe6 Ra1 38. Rxf6 Qxf1+ 39. Rxf1 Rxf1+ 40. Kh2
Raxd1 41. Qxd6 Ng4+ 42. Kh3 Rd3+ 43. g3 Rh1+ 44. Kg2 Rh2+ 0-1

[Event "XI Torneo Internazionale"]
[Site "Venezia ITA"]
[Date "1974.11.??"]
[Round "8"]
[White "Andersson, Ulf"]
[Black "Bilek, Istvan"]
[WhiteElo "2580"]
[BlackElo "2475"]
[Result "1/2-1/2"]
[PlyCount "57"]
[EventDate "1974.11.09"]

1. Nf3 g6 2. d4 Bg7 3. e4 d6 4. Be2 Nf6 5. Nc3 O-O 6. O-O c6 7. Re1 Bg4 8. h3
Bxf3 9. Bxf3 Nfd7 10. Be3 Na6 11. Qd2 Nc7 12. Be2 a6 13. Bf1 Kh8 14. a4 Rc8 15.
a5 e6 16. Na4 d5 17. e5 f6 18. f4 Nb5 19. b4 g5 20. exf6 Nxf6 21. Nc5 Ne4 22.
Nxe4 dxe4 23. fxg5 Nxd4 24. Rad1 Nf5 25. Qxd8 Rfxd8 26. Bb6 Rd5 27. c4 Rxd1 28.
Rxd1 Bc3 29. g4 1/2-1/2